| 000 | 00441nam a2200145Ia 4500 | ||
|---|---|---|---|
| 003 | OSt | ||
| 005 | 20260130110319.0 | ||
| 008 | 211028s2018 xx 000 0 und d | ||
| 040 | _cAIMIT LIBRARY | ||
| 041 | _aeng | ||
| 100 |
_aKhazi, Sameer; Kudtarkar, Ravi. _g1616173 _97926 |
||
| 245 | _aEmpirical study on employee attrition with reference to S S Garments Hegde Kumta / | ||
| 260 |
_aMangalore _bRavi Kudtarkar. _c2018 |
||
| 942 |
_2ddc _cPRO |
||
| 999 |
_c219494 _d219494 |
||